000 00415nam a2200157Ia 4500
008 230711s9999||||xx |||||||||||||| ||und||
041 _aENG
082 _a621
_bAD-A
100 _aAdby,PR
245 0 _aApplied circuit theory : matrix and computer methods
250 _a1st . Ed.
260 _c2007
_aNew Delhi
_bNew Age International Publishers
300 _a490
650 _aElectrical Engineering
942 _cBK
999 _c4510
_d4510